| 000 | 00531nam a2200157 a 4500 | ||
|---|---|---|---|
| 001 | 000047655 | ||
| 005 | 20201002060647.0 | ||
| 008 | 180713s2017 dr c 000 0 spa d | ||
| 040 |
_aDO-SdBNP _bspa _cBNPHU |
||
| 082 |
_axxx _bxxxx |
||
| 110 | 2 |
_aAsociación de Instituciones Rurales de Ahorro y Crédito (AIRAC) _975265 |
|
| 245 | 1 | 0 |
_aAsociación de Instituciones Rurales de Ahorro y Crédito : _bmemorias /. |
| 260 |
_aSanto Domingo, : _bBúho, _c[2017]. |
||
| 300 |
_a83 p. : _bretrs. ; _c29 cm. |
||
| 590 | _aInventariado, 2018/ YL | ||
| 999 |
_c47143 _d47143 |
||